[Event "Quebec Montcalm-ch"]
[Site "Quebec"]
[Date "2006.01.07"]
[Round "2"]
[White "Dion, Jean Francois"]
[Black "Lemieux, Pierre"]
[Result "1/2-1/2"]
[WhiteElo "1925"]
[BlackElo "1894"]
[PlyCount "61"]
[EventDate "2006.01.06"]
[EventType "swiss"]
[EventRounds "5"]
[EventCountry "CAN"]
[SourceTitle "EXT 2007"]
[Source "ChessBase"]
[SourceDate "2006.11.23"]
[SourceVersion "1"]
[SourceVersionDate "2006.11.23"]
[SourceQuality "1"]

1. d4 Nf6 2. Nf3 g6 3. Bf4 d6 4. h3 Bg7 5. e3 e6 6. Nbd2 0-0 7. c3 Nbd7 8. Bh2 Qe7 9. Be2 b6 10. 0-0 Bb7 11. a4 e5 12. a5 e4 13. Ne1 Kh8 14. Nc2 Ng8 15. a6 Bc8 16. f3 exf3 17. Bxf3 Rb8 18. Kh1 Ndf6 19. e4 Bd7 20. e5 dxe5 21. Bxe5 Ne8 22. Bxg7+ Nxg7 23. Re1 Qh4 24. Re4 Qh6 25. Nf1 Rbe8 26. Rxe8 Rxe8 27. Qd2 Qh4 28. Re1 Rxe1 29. Qxe1 Qxe1 30. Nxe1 Bb5 31. Ne3 1/2-1/2

[Event "Quebec Montcalm-ch"]
[Site "Quebec"]
[Date "2006.01.07"]
[Round "3"]
[White "Lemieux, Pierre"]
[Black "Caire, Francois"]
[Result "0-1"]
[WhiteElo "1894"]
[BlackElo "2212"]
[PlyCount "106"]
[EventDate "2006.01.06"]
[EventType "swiss"]
[EventRounds "5"]
[EventCountry "CAN"]
[SourceTitle "EXT 2007"]
[Source "ChessBase"]
[SourceDate "2006.11.23"]
[SourceVersion "1"]
[SourceVersionDate "2006.11.23"]
[SourceQuality "1"]

1. d4 Nf6 2. Nf3 e6 3. Bf4 c5 4. e3 d5 5. c3 Nc6 6. Nbd2 Bd6 7. Ne5 0-0 8. Bb5 Ne7 9. Be2 b6 10. g4 Qc7 11. Bg3 Nd7 12. Nxd7 Bxd7 13. Bxd6 Qxd6 14. 0-0 e5 15. dxe5 Qxe5 16. Nf3 Qc7 17. h3 Rad8 18. b4 f5 19. Nh2 cxb4 20. cxb4 Qd6 21. Qb3 Qh6 22. Kg2 Kh8 23. b5 f4 24. Qb4 Ng6 25. Qd4 Nh4+ 26. Kg1 f3 27. Bd3 Ng6 28. Kh1 Qxh3 29. Rg1 Qh4 30. Rg3 Qf6 31. Qxf6 Rxf6 32. g5 Rff8 33. Bxg6 hxg6 34. Nxf3 Bxb5 35. Kg2 Rfe8 36. Nd4 Bc4 37. f4 Bd3 38. Rh1+ Kg8 39. Kf2 Rc8 40. Rgh3 Kf7 41. Rd1 Be4 42. Rd2 Rc5 43. a4 a6 44. Rb2 Rb8 45. Rh7 Rc4 46. a5 b5 47. Kg3 Rc3 48. Kf2 Rbc8 49. Nf3 Bxf3 50. Kxf3 d4 51. f5 Rxe3+ 52. Kf4 Rce8 53. fxg6+ Kxg6 0-1

[Event "St Jean op-A"]
[Site "St Jean sur Richelieu"]
[Date "2005.06.25"]
[Round "3"]
[White "Carrier, Claude"]
[Black "Lemieux, Pierre"]
[Result "1-0"]
[WhiteElo "2078"]
[BlackElo "1947"]
[PlyCount "115"]
[EventDate "2005.06.??"]
[EventType "swiss"]
[EventRounds "5"]
[EventCountry "CAN"]
[SourceTitle "EXT 2007"]
[Source "ChessBase"]
[SourceDate "2006.11.23"]
[SourceVersion "1"]
[SourceVersionDate "2006.11.23"]
[SourceQuality "1"]

1. e4 e6 2. d4 d5 3. Nc3 Nf6 4. e5 Nfd7 5. f4 c5 6. Nf3 a6 7. Be3 Nc6 8. Qd2 cxd4 9. Nxd4 Nxd4 10. Bxd4 Qc7 11. 0-0-0 Bb4 12. Kb1 Bc5 13. Qf2 Bxd4 14. Qxd4 b5 15. h4 Qb6 16. a3 Qxd4 17. Rxd4 Nb8 18. h5 Nc6 19. Rd3 Bd7 20. Rg3 Kf8 21. Ne2 Rb8 22. c3 Rb7 23. Nd4 Nxd4 24. cxd4 Rc7 25. Rhh3 Rg8 26. Bd3 g6 27. h6 Ke7 28. Bc2 Rgc8 29. Rc3 Rb7 30. b4 Rcc7 31. Rc5 Rxc5 32. bxc5 Rb8 33. Kb2 Bc6 34. g4 Bd7 35. Rb3 Kd8 36. Bd3 Kc7 37. a4 Kc6 38. axb5+ axb5 39. Kc3 Rb7 40. Kb4 Kc7 41. Ra3 Rb8 42. Ra7+ Kc6 43. Ra6+ Kc7 44. Ra5 Kc8 45. Bxb5 Bxb5 46. Rxb5 Ra8 47. Ra5 Rb8+ 48. Kc3 Kd8 49. Ra7 Ke8 50. Ra6 Kd8 51. Rb6 Ra8 52. Rb7 Ke8 53. Kb4 Ra1 54. c6 Rc1 55. Kb5 Rc4 56. Kb6 Rxd4 57. Rb8+ Ke7 58. c7 1-0

[Event "St Jean op-A"]
[Site "St Jean sur Richelieu"]
[Date "2005.06.25"]
[Round "2"]
[White "Lemieux, Pierre"]
[Black "Sauve, Richard"]
[Result "1-0"]
[WhiteElo "1947"]
[BlackElo "1962"]
[PlyCount "55"]
[EventDate "2005.06.??"]
[EventType "swiss"]
[EventRounds "5"]
[EventCountry "CAN"]
[SourceTitle "EXT 2007"]
[Source "ChessBase"]
[SourceDate "2006.11.23"]
[SourceVersion "1"]
[SourceVersionDate "2006.11.23"]
[SourceQuality "1"]

1. d4 e6 2. Nf3 d5 3. Bf4 Bd6 4. Bg3 Ne7 5. e3 Nf5 6. Bd3 Nxg3 7. hxg3 h6 8. Nbd2 b6 9. Qe2 Bb7 10. Ne5 Bxe5 11. dxe5 Nd7 12. Qg4 Kf8 13. f4 Nc5 14. Nf3 Nxd3+ 15. cxd3 c5 16. f5 Qe7 17. 0-0-0 exf5 18. Qxf5 Qe6 19. Qf4 Ke7 20. Qa4 Rhc8 21. Qa3 Ke8 22. Kb1 a6 23. Rh4 g5 24. Rh5 d4 25. e4 c4 26. Rdh1 cxd3 27. Rxh6 Qc4 28. Rh8+ 1-0

[Event "Quebec Montcalm op 5th"]
[Site "Quebec"]
[Date "2005.??.??"]
[Round "4"]
[White "Cummins, Paul"]
[Black "Lemieux, Pierre"]
[Result "0-1"]
[WhiteElo "1581"]
[BlackElo "1871"]
[PlyCount "58"]
[EventDate "2005.??.??"]
[EventType "swiss"]
[EventRounds "5"]
[EventCountry "CAN"]
[SourceTitle "EXT 2006"]
[Source "ChessBase"]
[SourceDate "2005.11.24"]
[SourceVersion "1"]
[SourceVersionDate "2005.11.24"]
[SourceQuality "1"]

1. d4 Nf6 2. Bg5 g6 3. Nf3 Bg7 4. Nbd2 d6 5. e4 0-0 6. h3 Nbd7 7. c3 Re8 8. Bc4 e5 9. Qb3 Qe7 10. Be3 Nb6 11. Bd3 Be6 12. Qc2 Nh5 13. dxe5 dxe5 14. g3 Rad8 15. Ng5 Bf8 16. Be2 Bh6 17. h4 Nf6 18. 0-0-0 Ng4 19. Bxg4 Bxg4 20. f3 Bd7 21. Rde1 Bb5 22. c4 Ba4 23. Nb3 Qb4 24. Kb1 Nxc4 25. Nxf7 Bxe3 26. Nxd8 Rxd8 27. Rxe3 Nxe3 28. Qxc7 Qd6 29. Qxb7 Qd3+ 0-1

[Event "Quebec Montcalm op 7th"]
[Site "Quebec"]
[Date "2005.??.??"]
[Round "4"]
[White "Lemieux, Pierre"]
[Black "Audet Bouchard, Nicolas"]
[Result "0-1"]
[WhiteElo "1886"]
[BlackElo "2104"]
[PlyCount "72"]
[EventDate "2005.??.??"]
[EventType "swiss"]
[EventRounds "5"]
[EventCountry "CAN"]
[SourceTitle "EXT 2009"]
[Source "ChessBase"]
[SourceDate "2008.11.26"]
[SourceVersion "1"]
[SourceVersionDate "2008.11.26"]
[SourceQuality "1"]

1. d4 Nf6 2. Nf3 d5 3. Bf4 c5 4. c3 Qb6 5. Qb3 Nc6 6. e3 c4 7. Qc2 Bf5 8. Qc1 e6 9. Nbd2 Qd8 10. h3 Bd6 11. Ne5 Bxe5 12. dxe5 Nd7 13. e4 Bxe4 14. Nxe4 dxe4 15. Bxc4 Ndxe5 16. Bxe5 Nxe5 17. Bb5+ Nc6 18. Qe3 Qb6 19. Qe2 0-0 20. 0-0 Ne5 21. Ba4 f5 22. Kh1 Rad8 23. Rad1 Rd3 24. Bc2 Rxd1 25. Bxd1 Rd8 26. Bb3 Nd3 27. Bc4 Nf4 28. Qc2 Qc6 29. Bb3 Rd3 30. Qc1 e3 31. f3 e2 32. Rg1 Rxf3 33. Bxe6+ Nxe6 34. gxf3 Qxf3+ 35. Kh2 Nf4 36. Rg5 Qf2+ 0-1

[Event "Quebec-ch qual3"]
[Site "Quebec"]
[Date "2005.??.??"]
[Round "5"]
[White "Lemieux, Pierre"]
[Black "Caron, Sebastien"]
[Result "1-0"]
[WhiteElo "1886"]
[BlackElo "1880"]
[PlyCount "99"]
[EventDate "2005.05.13"]
[EventType "swiss"]
[EventRounds "5"]
[EventCountry "CAN"]
[SourceTitle "CBM 106 Extra"]
[Source "ChessBase"]
[SourceDate "2005.07.01"]
[SourceVersion "1"]
[SourceVersionDate "2005.07.01"]
[SourceQuality "1"]

1. d4 c5 2. c3 cxd4 3. cxd4 g6 4. Nf3 Bg7 5. Nc3 Nh6 6. e4 Qb6 7. Nd5 Qd8 8. Bf4 d6 9. Qc1 Ng4 10. Nc7+ Kf8 11. h3 Nf6 12. Bd3 Nc6 13. Nxa8 Bd7 14. Nc7 Qxc7 15. d5 Qa5+ 16. Bd2 Nb4 17. Bxb4 Qxb4+ 18. Qd2 Qb6 19. 0-0 h5 20. Qe2 h4 21. Rab1 Nh5 22. Qe3 Qa5 23. Qd2 Qb6 24. Rfc1 Bh6 25. Qc3 f6 26. Rc2 Nf4 27. Bf1 Kf7 28. Qc7 Bc8 29. Qxb6 axb6 30. Rc7 Nh5 31. Nd4 Ng3 32. Bd3 Nh5 33. Nb5 Bf4 34. Na7 Bxh3 35. gxh3 Be5 36. Rxb7 Nf4 37. Bf1 g5 38. Nc6 Ng6 39. Nxe5+ Nxe5 40. Be2 Rg8 41. Bh5+ Kg7 42. Rxe7+ Kh6 43. Bg4 Ng6 44. Re6 Kg7 45. Rc1 Nf8 46. Rc7+ Kh8 47. Rxf6 Ng6 48. Rff7 Ne7 49. Rcxe7 Rg7 50. Rxg7 1-0

[Event "Quebec Montcalm op 7th"]
[Site "Quebec"]
[Date "2005.??.??"]
[Round "5"]
[White "Lemieux, Pierre"]
[Black "Dumont, Eric"]
[Result "1-0"]
[WhiteElo "1886"]
[BlackElo "1632"]
[PlyCount "112"]
[EventDate "2005.??.??"]
[EventType "swiss"]
[EventRounds "5"]
[EventCountry "CAN"]
[SourceTitle "EXT 2009"]
[Source "ChessBase"]
[SourceDate "2008.11.26"]
[SourceVersion "1"]
[SourceVersionDate "2008.11.26"]
[SourceQuality "1"]

1. d4 f5 2. Nf3 e6 3. Bf4 Nf6 4. e3 Be7 5. Bd3 d6 6. Nbd2 0-0 7. h3 Bd7 8. c3 Nc6 9. Qe2 a6 10. g4 Qe8 11. gxf5 exf5 12. Rg1 Kh8 13. Qf1 b5 14. Qg2 Nh5 15. Be2 Bf6 16. Bg5 g6 17. Nh4 Ng7 18. Bxf6 Rxf6 19. Qg5 Qe6 20. d5 Qe7 21. dxc6 Bxc6 22. Qh6 Be8 23. Ndf3 Ne6 24. Ng5 Nxg5 25. Qxg5 Qe6 26. Bf3 c6 27. Qf4 Ra7 28. Qd4 Qe7 29. Ng2 c5 30. Qh4 b4 31. Nf4 Qe5 32. Nd5 Re6 33. Qf4 Qxf4 34. Nxf4 Re5 35. c4 a5 36. Rd1 Rd7 37. Bc6 Rd8 38. Bxe8 Rexe8 39. Ke2 Re4 40. f3 Ree8 41. Rd3 Re7 42. Rxg6 Rxe3+ 43. Rxe3 hxg6 44. Nxg6+ Kg7 45. Nf4 Kf7 46. Re6 Rd7 47. Rh6 Kg7 48. Rg6+ Kh7 49. Rf6 b3 50. a3 a4 51. Rxf5 Rg7 52. Kf2 Rd7 53. Rd5 Rf7 54. Kg3 Rg7+ 55. Kh4 Rg1 56. Rh5+ Kg7 1-0

[Event "Quebec Montcalm op 5th"]
[Site "Quebec"]
[Date "2005.??.??"]
[Round "5"]
[White "Lemieux, Pierre"]
[Black "Fortier, Bertrand"]
[Result "1-0"]
[WhiteElo "1871"]
[BlackElo "1642"]
[PlyCount "91"]
[EventDate "2005.??.??"]
[EventType "swiss"]
[EventRounds "5"]
[EventCountry "CAN"]
[SourceTitle "EXT 2006"]
[Source "ChessBase"]
[SourceDate "2005.11.24"]
[SourceVersion "1"]
[SourceVersionDate "2005.11.24"]
[SourceQuality "1"]

1. d4 d5 2. Nf3 e6 3. Bf4 Bd6 4. Bg3 Ne7 5. e3 0-0 6. Bd3 h6 7. Nbd2 c5 8. c3 Nbc6 9. 0-0 cxd4 10. exd4 Nf5 11. Bxf5 exf5 12. Ne5 Nxe5 13. dxe5 Bb8 14. Nb3 Re8 15. Qd4 Bc7 16. Rad1 Be6 17. Kh1 Bb6 18. Qb4 g5 19. f4 g4 20. Bf2 Bxf2 21. Rxf2 b6 22. Nd4 h5 23. Rfd2 h4 24. Nc6 Qc7 25. Nd4 Qc5 26. Qb3 Red8 27. Qc2 Qc8 28. Qd3 Kg7 29. Nb5 Qc6 30. Nd6 Kg6 31. Nb5 Rh8 32. Nd4 Qe8 33. Qb5 Qxb5 34. Nxb5 a6 35. Nc7 Ra7 36. Nxd5 b5 37. Nb4 a5 38. Nc6 Ra6 39. Rd6 Kh5 40. a3 Bb3 41. R1d2 Bc4 42. Nd4 Rxd6 43. exd6 h3 44. d7 Rd8 45. Nc6 hxg2+ 46. Kxg2 1-0

[Event "Quebec Montcalm op 6th"]
[Site "Quebec"]
[Date "2005.??.??"]
[Round "3"]
[White "Lemieux, Pierre"]
[Black "Tremblay, Rejean"]
[Result "0-1"]
[WhiteElo "1887"]
[BlackElo "2245"]
[PlyCount "116"]
[EventDate "2005.??.??"]
[EventType "swiss"]
[EventRounds "5"]
[EventCountry "CAN"]
[SourceTitle "EXT 2007"]
[Source "ChessBase"]
[SourceDate "2006.11.23"]
[SourceVersion "1"]
[SourceVersionDate "2006.11.23"]
[SourceQuality "1"]

1. d4 c5 2. c3 e6 3. Nf3 b6 4. Bf4 Bb7 5. Nbd2 Nf6 6. h3 Be7 7. e3 0-0 8. Bd3 d5 9. Ne5 a5 10. Qe2 c4 11. Bc2 b5 12. g4 a4 13. a3 Ra7 14. g5 Ne4 15. h4 Nd7 16. Qg4 Nxe5 17. Bxe5 Nxd2 18. Kxd2 Bc8 19. Bxg7 Kxg7 20. Bxh7 Rh8 21. g6 f5 22. Qg3 Bd6 23. f4 Be7 24. h5 Bf6 25. h6+ Kf8 26. g7+ Bxg7 27. Rag1 Bf6 28. Bg8 Ke7 29. h7 Kd6 30. Rh6 Rg7 31. Qxg7 Bxg7 32. Rxg7 Qf8 33. Rhg6 Bd7 34. Rf7 Qxf7 35. Bxf7 Rxh7 36. Bg8 Rh2+ 37. Kc1 Re2 38. Rg3 Be8 39. Rh3 Rg2 40. Rh8 Rg6 41. Bh7 Rg1+ 42. Kd2 Bf7 43. Rb8 Rg7 44. Bxf5 exf5 45. Rxb5 Rg2+ 46. Kc1 Re2 47. Rb6+ Ke7 48. Rb7+ Kf6 49. Rb6+ Be6 50. Ra6 Rxe3 51. Rxa4 Re4 52. Ra8 Rxf4 53. a4 Rf1+ 54. Kd2 Ra1 55. a5 f4 56. a6 Kf5 57. a7 Bf7 58. Kc2 f3 0-1

[Event "Quebec-ch qual3"]
[Site "Quebec"]
[Date "2005.??.??"]
[Round "2"]
[White "Poliquin, Yvone"]
[Black "Lemieux, Pierre"]
[Result "0-1"]
[WhiteElo "1854"]
[BlackElo "1886"]
[PlyCount "48"]
[EventDate "2005.05.13"]
[EventType "swiss"]
[EventRounds "5"]
[EventCountry "CAN"]
[SourceTitle "CBM 106 Extra"]
[Source "ChessBase"]
[SourceDate "2005.07.01"]
[SourceVersion "1"]
[SourceVersionDate "2005.07.01"]
[SourceQuality "1"]

1. e4 e6 2. d4 d5 3. e5 c5 4. c3 Nc6 5. Nf3 cxd4 6. cxd4 Bb4+ 7. Nc3 a6 8. Bd3 f6 9. exf6 Nxf6 10. 0-0 0-0 11. Re1 Bd7 12. a3 Bd6 13. b4 Qc7 14. Bb2 b5 15. Rc1 Qb6 16. Bb1 a5 17. bxa5 Rxa5 18. Qb3 Nxd4 19. Nxd4 Qxd4 20. Nxb5 Rxb5 21. Qxb5 Qh4 22. Qd3 Qxh2+ 23. Kf1 Ng4 24. Qg3 Bxg3 0-1

[Event "Quebec Carnaval"]
[Site "Quebec"]
[Date "1991.02.10"]
[Round "4"]
[White "Morin, Louis"]
[Black "Lemieux, Pierre"]
[Result "1/2-1/2"]
[WhiteElo "1879"]
[BlackElo "1764"]
[PlyCount "82"]
[EventDate "1991.02.08"]
[EventType "swiss"]
[EventRounds "5"]
[EventCountry "CAN"]
[SourceTitle "EXT 2022"]
[Source "ChessBase"]
[SourceDate "2021.10.06"]
[SourceVersion "1"]
[SourceVersionDate "2021.10.06"]
[SourceQuality "1"]

1. d4 g6 2. e4 Bg7 3. Nc3 d6 4. Be3 Nd7 5. Qd2 e5 6. d5 h6 7. Be2 Ngf6 8. h4 Nc5 9. f3 Nh5 10. Bb5+ Kf8 11. g4 Nf4 12. 0-0-0 a6 13. Bf1 Bf6 14. Qf2 Nd7 15. Nge2 g5 16. h5 b5 17. Ng3 Nb6 18. Bxb6 cxb6 19. b4 Bd7 20. Kb2 Qc7 21. Qe3 Rc8 22. Rh2 Kg8 23. Nb1 Kh7 24. c3 Ra8 25. Rc2 Rhd8 26. Rdc1 Qa7 27. a3 a5 28. Nh1 Rdc8 29. Nf2 Qb7 30. Qd2 Rc7 31. Nd1 Rac8 32. Ne3 Rc4 33. Qf2 Bd8 34. Nd2 R4c7 35. Nb1 Be7 36. Qd2 Rc4 37. Qf2 f6 38. Qd2 Be8 39. Qh2 Bf7 40. Qd2 Be8 41. Qf2 R4c7 1/2-1/2